MARC детайли
| 000 -Лидер |
| Контролно поле с фиксирана дължина |
02499nam a2200385 a 4500 |
| 003 - Код на организацията, давaща контролен номер |
| Контролно поле |
BLK |
| 005 - Дата и час на последна редакция |
| Контролно поле |
20250122132231.0 |
| 008 - Елементи от данни с фиксирана дължина |
| fixed length control field |
180410b bul|||||r ||||||| ||bul|| |
| 010 ## - Наследен системен номер |
| LC control number |
KNG00167343000 |
| 040 ## - Източник на каталожния запис |
| Идентификатор на билиотеката - собственик на записа |
BLK |
| 041 ## - Код за език |
| Код за езика на текст/звукозапис или на отделно заглавие |
Български |
| Код за езика КДБФ |
Български |
| 072 #7 - Код за тематичната категория |
| Код организация |
bullib |
| Код за тематична категория |
К |
| Текст |
Краезнание |
| 080 ## - УДК |
| Текстов определител УДК |
Организационни форми на търговска дейност - Стокови борси, складове, панаири, базари, лавки, магазини и др. |
| УДК код - определител по УДК |
339.17 |
| УДК определител |
(497.215)(083.15) |
| УДК - код + определител |
339.17(497.215)(083.15) |
| 110 1# - Редна дума - колетивен орган |
| Редна дума - наименование на организация или юридическо лице |
Стокова борса. Русе |
| 9 (RLIN) |
2948 |
| 139 ## - Редно поле |
| Редна дума |
Стокова борса. Русе |
| Авторски знак |
Стоич - С 82 |
| 245 10 - Сведения за заглавието |
| Заглавие |
Правилник на Русенската стокова борса |
| 257 ## - Страна на издаване |
| Страна на създаване/издаване |
България |
| 260 ## - Област на издателските данни |
| Място на издаване, разпространение и проч. |
Русе |
| Име на издателя, разпространителя и проч. |
Стокова борса |
| Година на издаване |
1942 |
| Печатница |
Русе : Д. Петров |
| 300 ## - Физическа характеристика |
| Страници |
106 с. |
| Размери/Мащаб |
15 см |
| 380 ## - Жанр |
| Жанр |
Обществени науки |
| 500 ## - Общи забележки |
| Забележка |
Утв. от М-вото на търговията, промишлеността и труда със заповед N 674 от 2.05.1930, изм. и доп. със следните заповеди на същото м-во: N 2384 от 29.10.1930, N 2906 от 21.10.1932, N IV-21 от 12.01.1935, N IV-1240 от 22.11.1935, N 1555 от 29.07.1936, N 2709 от 20.11.1936, N 2952 от 2.12.1937, N 3456 от 25.11.1939, N 127 от 14.01.1941, N 1058 от 13.03.1941, N 5441 от 17.11.1941. - 500 тир. - Съдържа и Наредба за извършване анализи в борсата, с 99-106. - В чл. 1 е посочено, че борсата е подчинена на М-вото на търговията, промишлеността и труда. |
| 650 #4 - Допълнително описание по предмет – тема |
| Основно описание – тема или топоним |
Стокова борса |
| 9 (RLIN) |
250942 |
| 650 #4 - Допълнително описание по предмет – тема |
| Основно описание – тема или топоним |
Русе - търговия |
| 9 (RLIN) |
334779 |
| 651 #4 - Допълнително описание по предмет - топоним |
| Географско понятие |
Русе |
| 9 (RLIN) |
179462 |
| 653 ## - Ключова дума – ненормативна |
| Ключова дума |
стокови борси |
| 653 ## - Ключова дума – ненормативна |
| Ключова дума |
правилници |
| 852 ## - Местоположение |
| Форматна сигнатура |
Цб 3.145.29493 |
| 852 ## - Местоположение |
| Форматна сигнатура |
К 33/П 84 |
| Фондова буква |
Краезнание |
| 856 4# - Електронен адрес и достъп |
| Електронен формат |
pdf - файл |
| Инструкция (цена за достъп) |
0.00 |
| Права за достъп |
Достъп за регистрирани потребители |
| Име на файл |
Правилник на Русенската стокова борса |
| Път до файла /url/ |
http://185.138.176.146:18082/cgi-bin/koha/opac-retrieve-file.pl?id=b11da68eca646b4efd5b5006b753e29c |
| Допълнителна информация (Корица, съдържание, пълен текст, звуков файл, HTML файл) |
Електронна книга |
| Информация за съдържанието |
Правилник на Русенската стокова борса |
| 856 4# - Електронен адрес и достъп |
| Електронен формат |
pdf - файл |
| Инструкция (цена за достъп) |
0.00 |
| Права за достъп |
disable |
| 999 ## - СИСТЕМНИ КОНТРОЛНИ НОМЕРА |
| Koha biblionumber |
160141 |
| Koha biblioitemnumber |
160141 |
| 942 ## - АРТИКУЛИ |
| Вид на библиотечния материал |
Книги |
| Скрит в OPAC |
Не |
| Периодичен библиозапис |
Да |
| Koha issues (borrowed), all copies |
1 |
| 944 ## - СЪЗДАВАНЕ И РЕДАКЦИЯ на ЗАПИСА |
| Създаване/Редакция |
Създаване |
| Дата на регистрацията/редакция |
14.11.2014 |
| Статус, дата на статуса |
Валя Йорданова |
| Служител, извършил регистрацията/редакцията |
30558 |
| 944 ## - СЪЗДАВАНЕ И РЕДАКЦИЯ на ЗАПИСА |
| Създаване/Редакция |
Редакция |
| Дата на регистрацията/редакция |
2023-04-21 |
| Служител, извършил регистрацията/редакцията |
Кети |
| 999 ## - СИСТЕМНИ КОНТРОЛНИ НОМЕРА |
| Koha biblioitemnumber |
160141 |